000
00254nam a22001217a 4500
008
181025b xxu||||| |||| 00| 0 eng d
041
_a
eng
080
_a
070
100
_a
40
101
_a
MED
245
_a
Communication
_c
Lannon,J,M
942
_2
udc
_c
BK
999
_c
50894
_d
50894